[Event "HUN-chT U18"]
[Site "Budapest"]
[Date "2022.11.03"]
[Round "7.1"]
[White "Varga, Gabor"]
[Black "Peredi, Oliver"]
[Result "1/2-1/2"]
[WhiteElo "2032"]
[BlackElo "1972"]
[PlyCount "105"]
[EventDate "2022.10.31"]
[EventType "team-swiss"]
[EventRounds "7"]
[EventCountry "HUN"]
[SourceTitle "CBM 211 Extra"]
[Source "ChessBase"]
[SourceDate "2023.01.31"]
[SourceVersion "1"]
[SourceVersionDate "2023.01.31"]
[SourceQuality "1"]
[WhiteTeam "Meritum Egyesuelet"]
[BlackTeam "Kekesi SE"]
[WhiteTeamCountry "HUN"]
[BlackTeamCountry "HUN"]

1. e4 c6 2. d4 d5 3. e5 Bf5 4. Bd3 Bxd3 5. Qxd3 e6 6. Ne2 Ne7 7. 0-0 c5 8. c3 Nbc6 9. Nd2 Qb6 10. f4 Nf5 11. Nf3 h5 12. Kh1 Rc8 13. dxc5 Bxc5 14. b4 Be7 15. a4 a6 16. Bd2 g6 17. a5 Qc7 18. Be1 Na7 19. Nfd4 Qc4 20. Qxc4 Rxc4 21. Nxf5 gxf5 22. Rf3 Nb5 23. Rd1 f6 24. Nd4 Nxd4 25. Rxd4 Rxd4 26. cxd4 fxe5 27. dxe5 Kd7 28. Kg1 Rc8 29. Rh3 Rc1 30. Kf2 h4 31. Bd2 Rb1 32. Ke2 Rb2 33. Kd1 Bxb4 34. Bxb4 Rxb4 35. Rxh4 d4 36. Rh6 Rb2 37. Rg6 Rf2 38. h4 Rxf4 39. h5 Rh4 40. h6 Kc6 41. Rxe6+ Kd5 42. Rb6 Kxe5 43. Ke2 Rh2 44. Kf3 Kd5 45. Kg3 Rh1 46. Kf4 Kc5 47. Kxf5 d3 48. Rxb7 d2 49. Rd7 d1Q 50. Rxd1 Rxd1 51. h7 Rh1 52. Kg6 Kb5 53. Kg7 1/2-1/2

[Event "HUN-chT2 Erkel 1819"]
[Site "Hungary"]
[Date "2019.04.28"]
[Round "9.11"]
[White "Peredi, Oliver"]
[Black "Marton, Denes"]
[Result "1-0"]
[WhiteElo "1961"]
[BlackElo "2028"]
[PlyCount "73"]
[EventDate "2018.10.28"]
[EventType "team-tourn"]
[EventRounds "9"]
[EventCountry "HUN"]
[SourceTitle "EXT 2021"]
[Source "ChessBase"]
[SourceDate "2020.10.23"]
[SourceVersion "1"]
[SourceVersionDate "2020.10.23"]
[SourceQuality "1"]
[WhiteTeam "Gyongyos Energia"]
[BlackTeam "Budapest EAC"]
[WhiteTeamCountry "HUN"]
[BlackTeamCountry "HUN"]

1. e4 e6 2. d4 d5 3. exd5 exd5 4. Bd3 Bd6 5. Nf3 Ne7 6. 0-0 Nbc6 7. Bg5 f6 8. Be3 Bg4 9. h3 Bh5 10. a3 Qd7 11. Nbd2 0-0-0 12. b4 g5 13. c4 Rhg8 14. c5 g4 15. Nh4 Bh2+ 16. Kh1 f5 17. g3 f4 18. Bxf4 Rdf8 19. Be3 Bxg3 20. fxg3 Qe6 21. Bg1 Qh6 22. Rxf8+ Qxf8 23. Qe2 Qg7 24. Bf5+ Nxf5 25. Qe6+ Kb8 26. Nxf5 Qg5 27. Be3 Qd8 28. Qh6 Bg6 29. hxg4 Qe8 30. Re1 Qf7 31. Qg5 Qe6 32. Bf2 Qd7 33. Qf6 h5 34. Nh6 Rg7 35. b5 Nd8 36. Nf5 Rg8 37. Ne7 1-0

[Event "Budapest Karacsonyi op"]
[Site "Budapest"]
[Date "2017.12.28"]
[Round "3"]
[White "Karacsonyi, Gellert"]
[Black "Peredi, Oliver"]
[Result "1/2-1/2"]
[WhiteElo "2163"]
[BlackElo "1946"]
[PlyCount "92"]
[EventDate "2017.12.27"]
[EventType "swiss"]
[EventRounds "7"]
[EventCountry "HUN"]
[SourceTitle "CBM 182 Extra"]
[Source "ChessBase"]
[SourceDate "2018.02.23"]
[SourceVersion "1"]
[SourceVersionDate "2018.02.23"]
[SourceQuality "1"]

1. e4 c6 2. d4 d5 3. exd5 cxd5 4. Bd3 Nc6 5. c3 Nf6 6. Bg5 h6 7. Bf4 Qb6 8. Qb3 Qxb3 9. axb3 g5 10. Bg3 Bg7 11. h3 Nh5 12. Bh2 e5 13. dxe5 Bxe5 14. Nf3 Bxh2 15. Rxh2 Nf4 16. Bb5 0-0 17. Na3 Re8+ 18. Kf1 a6 19. Bxc6 bxc6 20. Rd1 Bf5 21. Nd4 Bd3+ 22. Kg1 Ne2+ 23. Nxe2 Bxe2 24. Rc1 Bd3 25. f3 Re2 26. Rd1 Bg6 27. g3 Rae8 28. Rf2 Re1+ 29. Rxe1 Rxe1+ 30. Kg2 Re3 31. Rd2 c5 32. Kf2 Rd3 33. Rxd3 Bxd3 34. Ke3 Bf5 35. h4 f6 36. b4 cxb4 37. cxb4 Kf7 38. Kd4 Be6 39. Nb1 gxh4 40. gxh4 Kg6 41. Nc3 Kh5 42. b5 axb5 43. Nxb5 Kxh4 44. Nc7 Bd7 45. Nxd5 Kg3 46. Nxf6 Bc6 1/2-1/2

[Event "Budapest Karacsonyi op"]
[Site "Budapest"]
[Date "2017.12.27"]
[Round "1"]
[White "Banhidi, Ferenc"]
[Black "Peredi, Oliver"]
[Result "0-1"]
[WhiteElo "1701"]
[BlackElo "1946"]
[PlyCount "78"]
[EventDate "2017.12.27"]
[EventType "swiss"]
[EventRounds "7"]
[EventCountry "HUN"]
[SourceTitle "CBM 182 Extra"]
[Source "ChessBase"]
[SourceDate "2018.02.23"]
[SourceVersion "1"]
[SourceVersionDate "2018.02.23"]
[SourceQuality "1"]

1. Nf3 d5 2. b3 c6 3. Bb2 Nf6 4. g3 Bf5 5. Bg2 e6 6. 0-0 Nbd7 7. d3 Qc7 8. Qe1 Bd6 9. c4 0-0 10. h3 Ne5 11. Nh4 Bg6 12. Nxg6 hxg6 13. Nd2 Rad8 14. Rc1 Rfe8 15. c5 Bf8 16. Rc2 Ned7 17. b4 a5 18. a3 Ra8 19. d4 e5 20. e3 axb4 21. axb4 Ra2 22. dxe5 Rxb2 23. Rxb2 Nxe5 24. Qb1 b6 25. Rc1 Rb8 26. Bf1 Qb7 27. Nb3 Ne4 28. Nd2 Nxd2 29. Qc2 bxc5 30. f4 Nec4 31. Bxc4 Nxc4 32. Rb3 cxb4 33. e4 Qb6+ 34. Kh2 Na5 35. Rf3 b3 36. Qe2 b2 37. Rb1 Qb5 38. Qc2 Nc4 39. e5 Na3 0-1

[Event "HUN-chT2 Erkel 1718"]
[Site "Hungary"]
[Date "2017.12.03"]
[Round "5.8"]
[White "Nadasi, Balazs"]
[Black "Peredi, Oliver"]
[Result "1-0"]
[WhiteElo "2129"]
[BlackElo "1934"]
[PlyCount "155"]
[EventDate "2017.09.24"]
[EventType "team-tourn"]
[EventRounds "11"]
[EventCountry "HUN"]
[SourceTitle "EXT 2021"]
[Source "ChessBase"]
[SourceDate "2020.10.23"]
[SourceVersion "1"]
[SourceVersionDate "2020.10.23"]
[SourceQuality "1"]
[WhiteTeam "Sarkany DSE"]
[BlackTeam "Jaszbereny"]
[WhiteTeamCountry "HUN"]
[BlackTeamCountry "HUN"]

1. e4 d6 2. d4 Nf6 3. Nc3 g6 4. f3 Bg7 5. Be3 0-0 6. Qd2 c6 7. 0-0-0 b5 8. g4 a5 9. h4 Nbd7 10. h5 Nb6 11. hxg6 fxg6 12. Bh6 Rf7 13. Bxg7 Rxg7 14. Nh3 b4 15. Ne2 Qe8 16. e5 Nfd5 17. Nef4 Qf7 18. e6 Bxe6 19. Ng5 Qxf4 20. Nxe6 Qxd2+ 21. Rxd2 Rf7 22. Ng5 Rg7 23. Rdh2 Nf6 24. Ne6 Kf7 25. Nxg7 Kxg7 26. Bd3 Rh8 27. Kd2 Nbd5 28. c3 Nf4 29. a4 c5 30. cxb4 cxb4 31. Rc1 N4d5 32. Rc6 Ra8 33. g5 Nh5 34. Be4 Nhf4 35. Bxd5 Nxd5 36. Kd3 Nf4+ 37. Kc4 Ne6 38. Rg2 d5+ 39. Kb5 Nxd4+ 40. Kc5 Nxc6 41. Kxc6 e6 42. Kb7 Rd8 43. Kb6 Ra8 44. Rc2 Rb8+ 45. Kxa5 Rb7 46. Ka6 b3 47. Rc3 d4 48. Rd3 Rd7 49. Kb6 Rd6+ 50. Kb5 Rd5+ 51. Kb4 Rxg5 52. a5 Rd5 53. a6 Rd8 54. Kc5 e5 55. a7 Kf6 56. Rxb3 Ra8 57. Kb6 h5 58. Kb7 Rd8 59. a8Q Rxa8 60. Kxa8 h4 61. Ra3 Ke6 62. Kb7 Kd5 63. Kb6 Kc4 64. Ka5 d3 65. b4 d2 66. Ra1 h3 67. b5 h2 68. b6 Kb3 69. Rh1 Kc2 70. Rxh2 Kd3 71. Rxd2+ Kxd2 72. b7 Ke3 73. b8Q Kf4 74. Qf8+ Ke3 75. Qf6 Kf2 76. Qxe5 Kxf3 77. Qg5 Ke4 78. Qxg6+ 1-0

[Event "HUN-chT2 Erkel 1718"]
[Site "Hungary"]
[Date "2017.10.29"]
[Round "3.7"]
[White "Matuska, Miklos"]
[Black "Peredi, Oliver"]
[Result "1/2-1/2"]
[WhiteElo "2000"]
[BlackElo "1934"]
[PlyCount "144"]
[EventDate "2017.09.24"]
[EventType "team-tourn"]
[EventRounds "11"]
[EventCountry "HUN"]
[SourceTitle "EXT 2021"]
[Source "ChessBase"]
[SourceDate "2020.10.23"]
[SourceVersion "1"]
[SourceVersionDate "2020.10.23"]
[SourceQuality "1"]
[WhiteTeam "Pestszentlorinc"]
[BlackTeam "Jaszbereny"]
[WhiteTeamCountry "HUN"]
[BlackTeamCountry "HUN"]

1. c4 e5 2. Nc3 Nf6 3. d3 Bb4 4. Nf3 Nc6 5. e3 d6 6. Qc2 Qe7 7. a3 Bxc3+ 8. Qxc3 0-0 9. Be2 e4 10. Nd2 exd3 11. Qxd3 Ne5 12. Qc2 c6 13. 0-0 d5 14. b3 Re8 15. Bb2 Bd7 16. Rad1 Rad8 17. Bd4 b6 18. Nf3 Nxf3+ 19. Bxf3 Ne4 20. cxd5 cxd5 21. Qb2 f6 22. Bh5 Rf8 23. Be2 Rf7 24. Rc1 Qd6 25. Bd3 Bf5 26. Rfd1 Be6 27. f3 Nc5 28. Bxc5 bxc5 29. Qc2 Rc7 30. Bxh7+ Kf8 31. Qb2 Qb6 32. Qc3 Rdc8 33. Rb1 Re7 34. Kf2 Qd6 35. g3 Rcc7 36. Bg6 Red7 37. Qd3 Qe5 38. f4 Qd6 39. Bf5 d4 40. e4 Bxf5 41. exf5 Re7 42. Re1 Qb6 43. Rxe7 Rxe7 44. Re1 Rxe1 45. Kxe1 Qa5+ 46. Kf1 Qxa3 47. Qb5 Qc1+ 48. Kg2 Qc2+ 49. Kf3 Qxf5 50. Qb8+ Kf7 51. Qxa7+ Kg6 52. Qb8 Qd5+ 53. Kf2 d3 54. Qe8+ Kh7 55. Ke1 Qh1+ 56. Kd2 Qxh2+ 57. Kxd3 Qxg3+ 58. Kc4 Qxf4+ 59. Kxc5 Qc7+ 60. Kb5 g5 61. Qe4+ Kg7 62. Ka6 Qd6+ 63. Kb7 Qe5 64. Qc4 f5 65. b4 Qe4+ 66. Qc6 Qxb4+ 67. Ka8 Qf8+ 68. Kb7 Qf7+ 69. Ka8 g4 70. Qc3+ Qf6 71. Qc7+ Kg6 72. Qb6 Qxb6 1/2-1/2

[Event "Eger Agria op 41th"]
[Site "Eger"]
[Date "2017.07.22"]
[Round "8"]
[White "Pasti, Aron"]
[Black "Peredi, Oliver"]
[Result "0-1"]
[WhiteElo "1862"]
[BlackElo "1948"]
[PlyCount "74"]
[EventDate "2017.07.17"]
[EventType "swiss"]
[EventRounds "9"]
[EventCountry "HUN"]
[SourceTitle "EXT 2020"]
[Source "ChessBase"]
[SourceDate "2019.10.17"]
[SourceVersion "1"]
[SourceVersionDate "2019.10.17"]
[SourceQuality "1"]

1. e4 d6 2. d4 Nf6 3. Nc3 g6 4. Bc4 Bg7 5. Nge2 0-0 6. 0-0 a6 7. a4 Nbd7 8. f4 c5 9. e5 Ne8 10. e6 fxe6 11. Bxe6+ Kh8 12. Ne4 h6 13. Be3 Ndf6 14. Bxc8 Rxc8 15. Nxf6 Nxf6 16. dxc5 dxc5 17. Qxd8 Rfxd8 18. Rad1 Nd5 19. Bc1 Nb6 20. b3 Nd5 21. c4 Nb4 22. Be3 b6 23. a5 Nc2 24. Bf2 Rd6 25. Rxd6 exd6 26. axb6 Rb8 27. Ng3 Rxb6 28. Ne4 Nd4 29. Bxd4 Bxd4+ 30. Kh1 Rxb3 31. Nxd6 a5 32. h3 a4 33. Nb5 a3 34. Nxd4 cxd4 35. Ra1 d3 36. Kg1 d2 37. Kf2 a2 0-1

[Event "Eger Agria op 41th"]
[Site "Eger"]
[Date "2017.07.20"]
[Round "5"]
[White "Peredi, Oliver"]
[Black "Pasti, Anna"]
[Result "1-0"]
[WhiteElo "1948"]
[BlackElo "1717"]
[PlyCount "119"]
[EventDate "2017.07.17"]
[EventType "swiss"]
[EventRounds "9"]
[EventCountry "HUN"]
[SourceTitle "EXT 2020"]
[Source "ChessBase"]
[SourceDate "2019.10.17"]
[SourceVersion "1"]
[SourceVersionDate "2019.10.17"]
[SourceQuality "1"]

1. Nf3 c5 2. c4 g6 3. Nc3 Bg7 4. g3 b6 5. Bg2 Nc6 6. 0-0 Bb7 7. e3 e6 8. d4 cxd4 9. Nxd4 a6 10. Nxc6 Bxc6 11. Bxc6 dxc6 12. Qf3 Ne7 13. e4 0-0 14. Rd1 Qc7 15. Bf4 e5 16. Be3 f5 17. Na4 Rab8 18. Rac1 f4 19. Bd2 a5 20. g4 g5 21. b4 Ng6 22. Qb3 Kh8 23. f3 Qc8 24. b5 c5 25. Nc3 h5 26. h3 Nh4 27. Nd5 Rb7 28. Be1 Qe6 29. Rd2 Bh6 30. Rcd1 Rh7 31. Bxh4 gxh4 32. Nc3 hxg4 33. Rd6 Qf7 34. hxg4 Qe7 35. Na4 h3 36. Qb2 Qh4 37. Kh1 Qg3 38. Qe2 Bg5 39. Rg1 Qh4 40. Qh2 Rd8 41. Rxd8+ Bxd8 42. Rd1 Bg5 43. Nxb6 Qg3 44. Rf1 Qh4 45. Nd5 a4 46. Qf2 Qg3 47. b6 Bh4 48. Qh2 Bg5 49. Qe2 Qh4 50. Qb2 Qg3 51. Qxe5+ Rg7 52. Qb2 Kh7 53. e5 Bd8 54. e6 Rb7 55. Qe2 Kh6 56. Rg1 Qh4 57. Qe5 Bxb6 58. Nxb6 Rxb6 59. g5+ Kh7 60. Qc7+ 1-0

[Event "Eger Agria op 41th"]
[Site "Eger"]
[Date "2017.07.18"]
[Round "3"]
[White "Peredi, Oliver"]
[Black "Gaal, Miklos"]
[Result "1-0"]
[WhiteElo "1948"]
[BlackElo "1671"]
[PlyCount "79"]
[EventDate "2017.07.17"]
[EventType "swiss"]
[EventRounds "9"]
[EventCountry "HUN"]
[SourceTitle "EXT 2020"]
[Source "ChessBase"]
[SourceDate "2019.10.17"]
[SourceVersion "1"]
[SourceVersionDate "2019.10.17"]
[SourceQuality "1"]

1. e4 d6 2. d4 Nf6 3. f3 g6 4. Be3 Bg7 5. c4 c6 6. Nc3 Qc7 7. Qd2 Nbd7 8. Nh3 e5 9. d5 0-0 10. Be2 Re8 11. Nf2 cxd5 12. cxd5 a6 13. Rc1 Qa5 14. 0-0 b5 15. a3 Qd8 16. Nd3 Nb6 17. Nb4 Bd7 18. Nc6 Bxc6 19. dxc6 Nc4 20. Bxc4 bxc4 21. Qe2 Rb8 22. Qxc4 Rc8 23. Na4 d5 24. exd5 e4 25. c7 Qe7 26. Bf4 Nd7 27. d6 Qh4 28. Bg3 Qg5 29. Qc6 exf3 30. Rxf3 Bd4+ 31. Kh1 Re2 32. h4 Qg4 33. Qxa6 Ree8 34. Qc4 h5 35. Qxf7+ Kh8 36. Rc4 Rf8 37. Rxd4 Qxd4 38. Qxd7 Qd1+ 39. Kh2 Rg8 40. Be5+ 1-0

[Event "HUN-chT2 Toth 1617"]
[Site "Hungary"]
[Date "2017.01.29"]
[Round "7.12"]
[White "Mak, Janos"]
[Black "Peredi, Oliver"]
[Result "0-1"]
[WhiteElo "1799"]
[BlackElo "1775"]
[PlyCount "100"]
[EventDate "2016.09.25"]
[EventType "team-tourn"]
[EventRounds "11"]
[EventCountry "HUN"]
[SourceTitle "EXT 2021"]
[Source "ChessBase"]
[SourceDate "2020.10.23"]
[SourceVersion "1"]
[SourceVersionDate "2020.10.23"]
[SourceQuality "1"]
[WhiteTeam "Mako Duocor II"]
[BlackTeam "Ujszasz"]
[WhiteTeamCountry "HUN"]
[BlackTeamCountry "HUN"]

1. e4 d6 2. d4 g6 3. Nf3 Bg7 4. Bc4 Nd7 5. Bxf7+ Kf8 6. Ng5 Ndf6 7. Be6 Nxe4 8. Qf3+ Nef6 9. Nf7 Qe8 10. Bb3 c6 11. Nxh8 Bxh8 12. 0-0 Bf5 13. Nc3 d5 14. h3 h5 15. Bg5 Qd7 16. Rfe1 Nh7 17. Be3 Ngf6 18. Re2 g5 19. Rae1 Re8 20. Qg3 h4 21. Qe5 Kf7 22. Qh2 Rg8 23. Bd2 e6 24. f3 Re8 25. Na4 b6 26. c4 dxc4 27. Bd1 Bd3 28. Rf2 Nd5 29. Be2 Bxd4 30. Bxd3 cxd3 31. Kf1 Bxf2 32. Kxf2 Nf4 33. Nc3 e5 34. Kf1 Nf6 35. Qg1 c5 36. Ne4 Nxe4 37. Rxe4 Qd5 38. b3 Ne2 39. Qe3 Ng3+ 40. Ke1 Nxe4 41. fxe4 Qd4 42. Qxd4 exd4 43. Bxg5 Kg6 44. Bc1 Rxe4+ 45. Kd2 Re2+ 46. Kxd3 Rxg2 47. Bf4 Kf5 48. Bb8 Rxa2 49. Kc4 b5+ 50. Kxc5 d3 0-1

[Event "HUN-ch U12"]
[Site "Balatonlelle"]
[Date "2016.06.30"]
[Round "9"]
[White "Csiki, Endre"]
[Black "Peredi, Oliver"]
[Result "1/2-1/2"]
[WhiteElo "2001"]
[BlackElo "1606"]
[PlyCount "43"]
[EventDate "2016.06.24"]
[EventType "swiss"]
[EventRounds "9"]
[EventCountry "HUN"]
[SourceTitle "CBM 173 Extra"]
[Source "ChessBase"]
[SourceDate "2016.08.29"]
[SourceVersion "1"]
[SourceVersionDate "2016.08.29"]
[SourceQuality "1"]

1. e4 c6 2. c4 g6 3. Nc3 Bg7 4. d4 d6 5. Be3 Nd7 6. h4 h5 7. Qd2 Ngf6 8. f3 b6 9. Be2 c5 10. Nh3 Nf8 11. dxc5 bxc5 12. e5 N6h7 13. exd6 Bxh3 14. Rxh3 Qxd6 15. Nd5 Ne6 16. g4 hxg4 17. fxg4 Nf6 18. 0-0-0 Rb8 19. Nc3 Qe5 20. Qc2 Nd4 21. Qa4+ Nd7 22. Bd3 1/2-1/2

[Event "HUN-ch U12"]
[Site "Balatonlelle"]
[Date "2016.06.28"]
[Round "7"]
[White "Peredi, Oliver"]
[Black "Borhy, Marcell Boldizsar"]
[Result "1/2-1/2"]
[WhiteElo "1606"]
[BlackElo "2040"]
[PlyCount "60"]
[EventDate "2016.06.24"]
[EventType "swiss"]
[EventRounds "9"]
[EventCountry "HUN"]
[SourceTitle "CBM 173 Extra"]
[Source "ChessBase"]
[SourceDate "2016.08.29"]
[SourceVersion "1"]
[SourceVersionDate "2016.08.29"]
[SourceQuality "1"]

1. c4 c5 2. Nc3 Nf6 3. e3 d5 4. cxd5 Nxd5 5. Bc4 Nb6 6. Nf3 Nxc4 7. Qa4+ Nc6 8. Qxc4 e6 9. 0-0 b6 10. d4 Bb7 11. a3 Be7 12. Rd1 cxd4 13. Nxd4 Nxd4 14. exd4 0-0 15. Be3 Rc8 16. Qe2 Bg5 17. Rd2 Qf6 18. Qg4 Bxe3 19. fxe3 Qh6 20. Qg3 Bd5 21. Rf1 Bc4 22. Rf4 f5 23. h4 Rfd8 24. Rdf2 Qh5 25. e4 Rxd4 26. exf5 Rxf4 27. Qxf4 exf5 28. Qxf5 Qxf5 29. Rxf5 Rd8 30. Rf4 Bb3 1/2-1/2

[Event "HUN-ch U12"]
[Site "Balatonlelle"]
[Date "2016.06.26"]
[Round "4"]
[White "Lakatos, Tamas"]
[Black "Peredi, Oliver"]
[Result "0-1"]
[WhiteElo "1786"]
[BlackElo "1606"]
[PlyCount "60"]
[EventDate "2016.06.24"]
[EventType "swiss"]
[EventRounds "9"]
[EventCountry "HUN"]
[SourceTitle "CBM 173 Extra"]
[Source "ChessBase"]
[SourceDate "2016.08.29"]
[SourceVersion "1"]
[SourceVersionDate "2016.08.29"]
[SourceQuality "1"]

1. e4 c6 2. d4 d5 3. Nc3 dxe4 4. Nxe4 Nf6 5. Nxf6+ exf6 6. c3 Bf5 7. Ne2 Bd6 8. Ng3 Bg6 9. Bc4 0-0 10. 0-0 Nd7 11. f4 f5 12. Bd3 Qf6 13. Qc2 c5 14. dxc5 Bxc5+ 15. Kh1 Rfe8 16. Bd2 Be3 17. Rae1 Bxd2 18. Qxd2 Nc5 19. Qc2 Nxd3 20. Qxd3 h5 21. Rxe8+ Rxe8 22. Qd7 Re7 23. Qc8+ Kh7 24. Rd1 h4 25. Nf1 Qa6 26. c4 Qa5 27. Rd8 Bh5 28. Rh8+ Kg6 29. Kg1 Qe1 30. Qg8 Re2 0-1

[Event "HUN-chT2 Toth 1516"]
[Site "Hungary"]
[Date "2015.10.18"]
[Round "3.12"]
[White "Nagy, Viktor"]
[Black "Peredi, Oliver"]
[Result "1/2-1/2"]
[WhiteElo "1713"]
[BlackElo "1646"]
[PlyCount "70"]
[EventDate "2015.09.13"]
[EventType "team-tourn"]
[EventRounds "11"]
[EventCountry "HUN"]
[SourceTitle "CBM 170 Extra"]
[Source "ChessBase"]
[SourceDate "2016.02.25"]
[SourceVersion "1"]
[SourceVersionDate "2016.02.25"]
[SourceQuality "1"]
[WhiteTeam "Szentes Integral"]
[BlackTeam "Ujszasz"]
[WhiteTeamCountry "HUN"]
[BlackTeamCountry "HUN"]

1. e4 c5 2. Nf3 Nf6 3. Nc3 e6 4. e5 Nd5 5. Nxd5 exd5 6. d4 d6 7. Bb5+ Nc6 8. 0-0 Be6 9. Re1 Be7 10. Bf4 0-0 11. Bxc6 bxc6 12. c3 Rb8 13. Qd2 c4 14. exd6 Bxd6 15. Bxd6 Qxd6 16. Qc2 f6 17. b4 Rfe8 18. h3 Bf7 19. Qd2 Bg6 20. Rxe8+ Rxe8 21. Re1 Re4 22. Rxe4 Bxe4 23. Qe3 f5 24. Ne5 Qf6 25. f3 f4 26. Qe1 Bf5 27. Qc1 Qg5 28. Ng4 Bxg4 29. hxg4 Qf6 30. Qe1 Kf7 31. g3 g5 32. Kg2 fxg3 33. Qxg3 Qe7 34. Kf2 h6 35. Qh2 Kg6 1/2-1/2